21世紀北海道日本ハムファイターズ開幕スタメン - Statistics

General Stats
  • This quiz has been taken 47 times
  • The average score is 162 of 260
Answer Stats
Answer % Correct
中田翔
93%
中田翔
93%
中田翔
93%
中田翔
93%
中田翔
93%
中田翔
93%
中田翔
93%
中田翔
93%
中田翔
93%
中田翔
93%
中田翔
93%
中田翔
93%
中島卓也
90%
中島卓也
90%
中島卓也
90%
中島卓也
90%
中島卓也
90%
中島卓也
90%
清宮幸太郎
90%
万波中正
90%
万波中正
90%
清宮幸太郎
90%
万波中正
90%
清宮幸太郎
90%
万波中正
90%
田中賢介
86%
田中賢介
86%
2009 田中賢介
86%
2010 田中賢介
86%
2011 田中賢介
86%
2012 田中賢介
86%
大谷翔平
86%
大谷翔平
86%
田中賢介
86%
大谷翔平
86%
田中賢介
86%
大谷翔平
86%
田中賢介
86%
大谷翔平
86%
レイエス
86%
レイエス
86%
レイエス
86%
ダルビッシュ
83%
ダルビッシュ
83%
ダルビッシュ
83%
ダルビッシュ
83%
ダルビッシュ
83%
西川遥輝
83%
西川遥輝
83%
2015 西川遥輝
83%
西川遥輝
83%
2017 西川遥輝
83%
2018 西川遥輝
83%
西川遥輝
83%
2020 西川遥輝
83%
2021 西川遥輝
83%
小笠原道大
79%
小笠原道大
79%
小笠原道大
79%
小笠原道大
79%
小笠原道大
79%
稲葉篤紀
79%
小笠原道大
79%
稲葉篤紀
79%
稲葉篤紀
79%
稲葉篤紀
79%
鶴岡慎也
79%
稲葉篤紀
79%
鶴岡慎也
79%
稲葉篤紀
79%
鶴岡慎也
79%
稲葉篤紀
79%
稲葉篤紀
79%
鶴岡慎也
79%
稲葉篤紀
79%
鶴岡慎也
79%
稲葉篤紀
79%
鶴岡慎也
79%
伊藤大海
79%
伊藤大海
79%
2003 森本稀哲
76%
2007 森本稀哲
76%
2008 森本稀哲
76%
陽岱鋼
76%
陽岱鋼
76%
2013 陽岱鋼
76%
2014 陽岱鋼
76%
陽岱鋼
76%
レアード
76%
近藤健介
76%
2016 陽岱鋼
76%
近藤健介
76%
レアード
76%
近藤健介
76%
レアード
76%
有原航平
76%
近藤健介
76%
レアード
76%
近藤健介
76%
上沢直之
76%
近藤健介
76%
有原航平
76%
近藤健介
76%
上沢直之
76%
近藤健介
76%
田宮裕涼
76%
田宮裕涼
76%
田宮裕涼
76%
松本剛
72%
松本剛
72%
2023 松本剛
72%
上川畑大悟
72%
2024 松本剛
72%
上川畑大悟
72%
2026 水谷瞬
72%
郡司裕也
72%
金子誠
69%
金子誠
69%
金子誠
69%
金子誠
69%
金子誠
69%
糸井嘉男
69%
金子誠
69%
糸井嘉男
69%
金子誠
69%
糸井嘉男
69%
金子誠
69%
糸井嘉男
69%
金子誠
69%
糸井嘉男
69%
金子誠
69%
大田泰示
69%
清水優心
69%
大田泰示
69%
大田泰示
69%
野村佑希
69%
大田泰示
69%
野村佑希
69%
清水優心
69%
野村佑希
69%
野村佑希
69%
野村佑希
69%
SHINJO
69%
2005 SHINJO
69%
SHINJO
69%
小谷野栄一
66%
小谷野栄一
66%
小谷野栄一
66%
小谷野栄一
66%
小谷野栄一
66%
小谷野栄一
66%
小谷野栄一
66%
吉川光夫
66%
石井一成
66%
石井一成
66%
石井一成
66%
石井一成
66%
マルティネス
66%
マルティネス
66%
田中幸雄
62%
田中幸雄
62%
大野奨太
62%
大野奨太
62%
大野奨太
62%
2019 淺間大基
62%
淺間大基
62%
セギノール
59%
セギノール
59%
セギノール
59%
セギノール
59%
アブレイユ
59%
水野達稀
59%
加藤貴之
59%
水野達稀
59%
2025 矢澤宏太
59%
水野達稀
59%
矢澤宏太
59%
水野達稀
59%
高橋信二
55%
高橋信二
55%
高橋信二
55%
高橋信二
55%
高橋信二
55%
スレッジ
55%
スレッジ
55%
高橋信二
55%
スレッジ
55%
金村暁
52%
金村暁
52%
金村暁
52%
武田勝
52%
北山亘基
52%
五十幡亮汰
52%
五十幡亮汰
52%
山縣秀
52%
オバンドー
48%
オバンドー
48%
大引啓次
48%
大引啓次
48%
ロドリゲス
45%
渡邉諒
45%
渡邉諒
45%
金村尚真
45%
岩本勉
41%
斎藤佑樹
41%
岡大海
41%
スティーブンソン
38%
奈良間大己
38%
片岡篤史
34%
ホフパワー
34%
ハーミッダ
34%
谷口雄也
34%
谷口雄也
34%
ヌニエス
34%
坪井智哉
31%
ミラバル
31%
2004 坪井智哉
31%
坪井智哉
31%
ミラバル
31%
坪井智哉
31%
坪井智哉
31%
坪井智哉
31%
ミランダ
31%
市川友也
31%
アルシア
31%
2022 今川優馬
31%
横尾俊建
28%
野口寿浩
24%
王柏融
24%
王柏融
24%
宇佐見真吾
24%
宇佐見真吾
24%
宇佐見真吾
24%
2002 井出竜也
21%
2006 マシーアス
21%
二岡智宏
21%
二岡智宏
21%
ウィルソン
17%
エチェバリア
17%
エチェバリア
17%
島田一輝
14%
奈良原浩
14%
木元邦之
14%
實松一成
14%
島田一輝
14%
阿久根鋼吉
14%
木元邦之
14%
木元邦之
14%
アルモンテ
14%
飯山裕志
14%
木元邦之
14%
グリーン
14%
佐藤龍世
10%
2001 中村豊
7%
藤島誠剛
7%
小田智之
7%
小田智之
7%
ヒメネス
7%
DTクローマー
7%
DTクローマー
7%
No matching quizzes found
Score Distribution
Percent of People with Each Score
Percentile by Number Answered
Your Score History
You have not taken this quiz